| 000 | 01934nam a2200361 a 4500 | ||
|---|---|---|---|
| 001 | ebr10271877 | ||
| 003 | CaPaEBR | ||
| 006 | m u | ||
| 007 | cr cn||||||||| | ||
| 008 | 070518s2007 ilu sb 001 0 eng | ||
| 010 | _z 2007021070 | ||
| 020 | _z9780226762838 (cloth : alk. paper) | ||
| 020 | _z0226762831 (cloth : alk. paper) | ||
| 040 |
_aCaPaEBR _cCaPaEBR |
||
| 035 | _a(OCoLC)646790975 | ||
| 043 | _an-us--- | ||
| 050 | 1 | 4 |
_aKF4558 4th _b.S56 2007eb |
| 082 | 0 | 4 |
_a342.7308/58 _222 |
| 100 | 1 |
_aSlobogin, Christopher, _d1951- |
|
| 245 | 1 | 0 |
_aPrivacy at risk _h[electronic resource] : _bthe new government surveillance and the Fourth Amendment / _cChristopher Slobogin. |
| 260 |
_aChicago : _bUniversity of Chicago Press, _cc2007. |
||
| 300 | _axi, 306 p. | ||
| 504 | _aIncludes bibliographical references and index. | ||
| 505 | 0 | _aSurveillance and the Fourth Amendment : introduction : surveillance techniques and the law -- A Fourth Amendment framework -- Physical surveillance : Peeping Techno-Toms -- Public privacy : surveillance of public places and the right to anonymity -- Implementing the right to public anonymity -- Transaction surveillance : subpoenas and privacy -- Regulating transaction surveillance by the government -- Conclusion : a different Fourth Amendment?. | |
| 533 |
_aElectronic reproduction. _bPalo Alto, Calif. : _cebrary, _d2013. _nAvailable via World Wide Web. _nAccess may be limited to ebrary affiliated libraries. |
||
| 610 | 1 | 0 |
_aUnited States. _tConstitution. _n4th Amendment. |
| 650 | 0 |
_aElectronic surveillance _xLaw and legislation _zUnited States. |
|
| 650 | 0 |
_aData protection _xLaw and legislation _zUnited States. |
|
| 650 | 0 |
_aPrivacy, Right of _zUnited States. |
|
| 655 | 7 |
_aElectronic books. _2local |
|
| 710 | 2 | _aebrary, Inc. | |
| 856 | 4 | 0 |
_uhttp://site.ebrary.com/lib/rucke/Doc?id=10271877 _zAn electronic book accessible through the World Wide Web; click to view |
| 999 |
_c8051 _d8051 |
||